Normal view
MARC view
- Pathogenic Enterobacteriaceae
Entry Uniform Title
001 - CONTROL NUMBER
- control field: 3257
003 - CONTROL NUMBER IDENTIFIER
- control field: NUST
005 - DATE AND TIME OF LATEST TRANSACTION
- control field: 20170712162920.0
008 - FIXED-LENGTH DATA ELEMENTS
- fixed length control field: 170712|| aca||aabn | a|a d
040 ## - CATALOGING SOURCE
- Original cataloging agency: NUST
- Transcribing agency: NUST
130 ## - HEADING--UNIFORM TITLE
- Uniform title: Pathogenic Enterobacteriaceae
670 ## - SOURCE DATA FOUND
- Source citation: Work cat.: (NUST): Tahir Hussain. 3256, TH-PhD-Beta-lactamases dissemination amongst multidrug-resistant pathogenic Enterobacteriaceae isolated in Pakistan and the United states , 2015.
